| 000 | 00440nam a22001811a 4500 | ||
|---|---|---|---|
| 001 | 777 | ||
| 003 | OSt | ||
| 005 | 20260204211708.0 | ||
| 008 | 040114s1998||||dr ||||||b||||||||||spa|| | ||
| 050 | _aRD 347.016 L814t | ||
| 082 | _aRD 347.016 L814t | ||
| 100 | _aLockward, Angel | ||
| 245 | _aLa tragedia Llenas / Angel Lockward | ||
| 264 | _aSanto Domingo : Centenerio | ||
| 300 | _a317 p. | ||
| 650 | _a1.Relato-DerechoĆ | ||
| 942 |
_2ddc _cBK |
||
| 999 |
_c777 _d777 |
||